• 首页
  • 本馆介绍
  • 公告通知
  • 最新文献
  • 馆藏检索
  • 电子资源
  • 读者导购
  • 参考咨询
  • 我的图书馆
  • 登录
  • 详细信息显示
  • 放入我的书架
  • 预约/预借图书
  • 作者相关作品
  • 分类相关作品
  • 丛书相关作品
  • 出版社相关作品

书目信息

  • 表格格式
  • 工作单格式
  • 卡片格式
题名:
民族文化与宗教哲学研究论集
    
 
作者: 马福元 著
分册:  
出版信息: 北京   中国社会科学出版社  2013
页数: 443页
开本: 24cm
丛书名:
单 册:
中图分类: G03-53 , B920-53
科图分类:
主题词: 民族文化--文集 , 宗教哲学--文集 , 民族文化 , 宗教哲学
电子资源:
ISBN: 978-7-5161-3255-5
000 01024nam0 2200277 450
001 523
005 20140909170230.07
010    @a978-7-5161-3255-5@dCNY85.00
100    @a20140124d2013 em y0chiy50 ea
101 0  @achi
102    @aCN@b110000
105    @ay z 000yy
106    @ar
200 1  @a民族文化与宗教哲学研究论集@AMin Zu Wen Hua Yu Zong Jiao Zhe Xue Yan Jiu Lun Ji@f马福元著@FMa Fu Yuan Zhu
210    @a北京@c中国社会科学出版社@d2013
215    @a443页@d24cm
330    @a本书作者对中国特色社会主义国家发展与少数民族进步等诸多问题进行了反思。书中还对阿拉伯伊斯兰文化的历史价值、伊斯兰教伦理道德在构建和谐社会中的积极作用、伊斯兰文化中爱教必爱国思想对中国穆斯林的影响乃至泛伊斯兰主义对我国穆斯林产生的正负功能等问题进行了探讨。
606 0  @a民族文化@j文集
606 0  @a宗教哲学@j文集
606 0  @a民族文化
606 0  @a宗教哲学
690    @aG03-53@v5
690    @aB920-53@v5
701  0 @a马福元@AMa Fu Yuan@f(1961~)@4著
801  0 @aCN@bTANGWEI@c20140603
905    @b0839419-21@dG03-53@e91@f3
    
    民族文化与宗教哲学研究论集/马福元著.-北京:中国社会科学出版社,2013
    443页;24cm
    
    
    ISBN 978-7-5161-3255-5:CNY85.00
    本书作者对中国特色社会主义国家发展与少数民族进步等诸多问题进行了反思。书中还对阿拉伯伊斯兰文化的历史价值、伊斯兰教伦理道德在构建和谐社会中的积极作用、伊斯兰文化中爱教必爱国思想对中国穆斯林的影响乃至泛伊斯兰主义对我国穆斯林产生的正负功能等问题进行了探讨。
●
相关链接 在E读中查询图书 在五车中查询图书 在当当中查询图书 在豆瓣中查询图书


正题名:民族文化与宗教哲学研究论集     索取号:G03-53/91         预约/预借

序号 登录号 条形码 馆藏地/架位号 状态 备注
1 0839419   208394192   第一样本阅览室/ [索取号:G03-53/91] 在馆    
2 0839420   208394209   第四借阅区/ [索取号:G03-53/91] 在馆    
3 0839421   208394218   第四借阅区/ [索取号:G03-53/91] 在馆    
唐山师范学院图书馆 欢迎您!
大连网信软件有限公司© 版权所有